La posada del ángel de la guarda / (Registro nro. 11748)

Detalles MARC
000 -LEADER
fixed length control field 00846nam a22002657a 4500
001 - CONTROL NUMBER
control field 000629
003 - CONTROL NUMBER IDENTIFIER
control field DO-SdBNP
005 - DATE AND TIME OF LATEST TRANSACTION
control field 20180202135136.0
007 - PHYSICAL DESCRIPTION FIXED FIELD--GENERAL INFORMATION
fixed length control field 000629
008 - FIXED-LENGTH DATA ELEMENTS--GENERAL INFORMATION
fixed length control field 161101b 1960 sp a ||||| |||| 00| 0 spa d
040 ## - CATALOGING SOURCE
Original cataloging agency BPMSU
Language of cataloging spa
Transcribing agency BPMSU
100 1# - MAIN ENTRY--PERSONAL NAME
Personal name Ségur, Sophie de
245 10 - TITLE STATEMENT
Title La posada del ángel de la guarda /
Statement of responsibility, etc. Condesa de Ségur, Sofía Rostopchin ; versión española de Matilde Ras ; ilustraciones de Cerezo Vallejo.
250 ## - EDITION STATEMENT
Edition statement 3ª ed.
260 ## - PUBLICATION, DISTRIBUTION, ETC. (IMPRINT)
Place of publication, distribution, etc. Madrid :
Name of publisher, distributor, etc. Aguilar,
Date of publication, distribution, etc. 1960.
300 ## - PHYSICAL DESCRIPTION
Extent 193 p. :
Other physical details il. ;
Dimensions 18 cm.
490 1# - SERIES STATEMENT
Series statement Lecturas Juveniles
700 12 - ADDED ENTRY--PERSONAL NAME
Personal name Rostopchin, Sofía
700 12 - ADDED ENTRY--PERSONAL NAME
Personal name Ras, Matilde,
Dates associated with a name 1881-1969.
700 12 - ADDED ENTRY--PERSONAL NAME
Personal name Vallejo, Cerezo,
Relator term il.
830 0# - SERIES ADDED ENTRY--UNIFORM TITLE
Uniform title Lecturas Juveniles
942 ## - ADDED ENTRY ELEMENTS (KOHA)
Source of classification or shelving scheme Dewey Decimal Classification
Koha item type Libros
945 ## - LOCAL PROCESSING INFORMATION (OCLC)
a Inventariado, 2018 /LP
956 ## - LOCAL ELECTRONIC LOCATION AND ACCESS (OCLC)
Access method LOPEREZ
Materials specified 10
Linkage 20161101
Field link and sequence number BPMSU
Host name 00041
Existencias
Withdrawn status Lost status Source of classification or shelving scheme Damaged status Not for loan Collection code Home library Current library Date acquired Source of acquisition Total Checkouts Barcode Date last seen Price effective from Koha item type
    Dewey Decimal Classification     Colección Juvenil General Biblioteca Pública Metropolitana Salomé Ureña Biblioteca Pública Metropolitana Salomé Ureña 11/01/2016 Donación   BPMSU 16110014 11/01/2016 11/01/2016 Libros